POWER OUTAGE

Bibliographic Details
Main Author: Tan, Wei Ling (Author)
Format: Book
Language:English
Published: Subang Jaya, Selangor : PENERBITAN CELIK MINDA 2024
Edition:First Edition
Series:Mesmerising tales
Subjects:

MARC

LEADER 00000cam a2200000 7i4500
001 0000152607
005 20240605.0
008 240605t20242024my a x f eng
020 |a 9789672934646 (  |q set) 
020 |a 9789672934684 
040 |a PERPUSTAM   |b eng   |c PERPUSTAM   |e rda 
041 |a eng 
090 0 0 |a J 823.92   |b TAN 
100 1 |a Tan, Wei Ling ,   |e author 
245 1 0 |a POWER OUTAGE   |c TAN WEI LING 
250 |a First Edition 
264 1 |a Subang Jaya, Selangor :   |b PENERBITAN CELIK MINDA   |c 2024 
264 4 |c ©2024 
300 |a 28 pages :   |b colour illustrations, colour photograph ;   |c 21 cm. 
336 |a text  |2 rdacontent 
337 |a unmediated  |2 rdamedia 
338 |a volume  |2 rdacarrier 
490 1 |a MESMERISING TALES 
650 1 0 |a English fiction 
650 2 0 |a Children's stories, English 
650 2 0 |a Malaysian fiction (English) 
830 0 |a Mesmerising tales 
999 |a 0000801787   |b Buku   |c Koleksi Pinjaman Kanak-Kanak   |e Perbadanan Perpustakaan Awam Melaka 
999 |a 0000801788   |b Buku   |c Koleksi Pinjaman Kanak-Kanak   |e Perbadanan Perpustakaan Awam Melaka 
999 |a 0000801789   |b Buku   |c Koleksi Pinjaman Kanak-Kanak   |e Perbadanan Perpustakaan Awam Melaka 
999 |a 0000801790   |b Buku   |c Koleksi Pinjaman Kanak-Kanak   |e Perpustakaan Cawangan Jasin 
999 |a 0000801791   |b Buku   |c Koleksi Pinjaman Kanak-Kanak   |e Perpustakaan Cawangan Masjid Tanah 
999 |a 0000801792   |b Buku   |c Koleksi Pinjaman Kanak-Kanak   |e Perpustakaan Cawangan Merlimau 
999 |a 0000801793   |b Buku   |c Koleksi Pinjaman Kanak-Kanak   |e Perpustakaan Komuniti UTC Melaka 
999 |a 0000801794   |b Buku   |c Koleksi Pinjaman Kanak-Kanak   |e Perbadanan Perpustakaan Awam Melaka 
999 |a 0000801795   |b Buku   |c Koleksi Pinjaman Kanak-Kanak   |e Perbadanan Perpustakaan Awam Melaka 
999 |a 0000801796   |b Buku   |c Koleksi Pinjaman Kanak-Kanak   |e Perbadanan Perpustakaan Awam Melaka